Descriptive account of the collection of Chinese, Tibetan, Mongol, and Japanese books in the Newberry Library, (Record no. 1805)

MARC details
000 -LEADER
fixed length control field 01378cam a22003971 4500
001 - CONTROL NUMBER
control field data
005 - DATE AND TIME OF LATEST TRANSACTION
control field 20260322212119.0
008 - FIXED-LENGTH DATA ELEMENTS--GENERAL INFORMATION
fixed length control field data
035 ## - SYSTEM CONTROL NUMBER
System control number 8703520
010 ## - LIBRARY OF CONGRESS CONTROL NUMBER
LC control number 13025386
035 ## - SYSTEM CONTROL NUMBER
-- (DLC) 13025386
035 ## - SYSTEM CONTROL NUMBER
System control number (OCoLC)3029605
040 ## - CATALOGING SOURCE
Original cataloging agency DLC
Transcribing agency CCC
Modifying agency DLC
-- DLC
050 00 - LIBRARY OF CONGRESS CALL NUMBER
Classification number Z733.C526
Item number E
110 2# - MAIN ENTRY--CORPORATE NAME
Corporate name or jurisdiction name as entry element Newberry Library.
245 10 - TITLE STATEMENT
Title Descriptive account of the collection of Chinese, Tibetan, Mongol, and Japanese books in the Newberry Library,
Statement of responsibility, etc. by Berthold Laufer, PH. D.
260 ## - PUBLICATION, DISTRIBUTION, ETC.
Place of publication, distribution, etc. Chicago, Ill.,
Name of publisher, distributor, etc. Newberry Library
Date of publication, distribution, etc. [1913]
300 ## - PHYSICAL DESCRIPTION
Extent ix, 42 p.
Other physical details front., facsims. (1 fold.)
Dimensions 23 cm.
336 ## - CONTENT TYPE
Content type term text
Content type code txt
Source rdacontent
337 ## - MEDIA TYPE
Media type term unmediated
Media type code n
Source rdamedia
338 ## - CARRIER TYPE
Carrier type term volume
Carrier type code nc
Source rdacarrier
490 0# - SERIES STATEMENT
Series statement Publications of the Newberry Library,
Volume/sequential designation no. 4
500 ## - GENERAL NOTE
General note On cover: East Asiatic collection.
650 #0 - SUBJECT ADDED ENTRY--TOPICAL TERM
Topical term or geographic name entry element Chinese literature.
650 #0 - SUBJECT ADDED ENTRY--TOPICAL TERM
Topical term or geographic name entry element Tibetan literature.
650 #0 - SUBJECT ADDED ENTRY--TOPICAL TERM
Topical term or geographic name entry element Mongolian literature.
650 #0 - SUBJECT ADDED ENTRY--TOPICAL TERM
Topical term or geographic name entry element Manchu literature.
650 #0 - SUBJECT ADDED ENTRY--TOPICAL TERM
Topical term or geographic name entry element Japanese literature.
700 1# - ADDED ENTRY--PERSONAL NAME
Personal name Laufer, Berthold,
Dates associated with a name 1874-1934.
740 0# - ADDED ENTRY--UNCONTROLLED RELATED/ANALYTICAL TITLE
Uncontrolled related/analytical title East Asiatic collection.
906 ## - LOCAL DATA ELEMENT F, LDF (RLIN)
a 7
b cbc
c oclcrpl
d u
e ncip
f 19
g y-gencatlg
985 ## -
-- OCLC REPLACEMENT
991 ## -
-- c-GenColl
-- Z733.C526
-- E
-- Copy 1
-- OCLCREP
991 ## -
-- c-GenColl
-- Z733.C526
-- E
-- 00009785218
-- Copy 3
-- CCF
Holdings
Withdrawn status Lost status Damaged status Not for loan Home library Current library Shelving location Date acquired Total checkouts Full call number Barcode Date last seen Price effective from Koha item type
        Franklin Franklin General stacks 22/03/2026   Z733.C526 LOC-FRL-00041 22/03/2026 22/03/2026 Books